|
|
|
|
| LEADER |
00000nam0a2200000 4500 |
| 001 |
136593 |
| 005 |
20231101220629.0 |
| 035 |
|
|
|a (RuTPU)RU\TPU\book\148039
|
| 090 |
|
|
|a 136593
|
| 100 |
|
|
|a 20080424d1985 k y0rusy50 ca
|
| 101 |
0 |
|
|a rus
|
| 102 |
|
|
|a RU
|
| 105 |
|
|
|a y z 001zy
|
| 200 |
1 |
|
|a Экспериментальные исследования новых материалов
|e [сборник]
|f Ленинградский политехнический институт им. М. И. Калинина (ЛПИ) ; отв. ред. Ю. С. Васильев
|
| 210 |
|
|
|a Ленинград
|c Изд-во ЛПИ
|d 1985
|
| 215 |
|
|
|a 80 с.
|
| 225 |
1 |
|
|a Труды Ленинградского политехнического института им. М. И. Калинина (ЛПИ)
|v № 408
|
| 320 |
|
|
|a Библиогр. в конце ст.
|
| 606 |
1 |
|
|a Материаловедение
|2 stltpush
|3 (RuTPU)RU\TPU\subj\41248
|9 61053
|
| 610 |
1 |
|
|a сборники
|
| 610 |
1 |
|
|a материалы
|
| 610 |
1 |
|
|a исследования
|
| 610 |
1 |
|
|a физика
|
| 610 |
1 |
|
|a твердые тела
|
| 675 |
|
|
|a 620.22
|v 3
|
| 702 |
|
1 |
|a Васильев
|b Ю. С.
|g Юрий Сергеевич
|4 340
|
| 712 |
0 |
2 |
|a Ленинградский политехнический институт им. М. И. Калинина (ЛПИ)
|c (1924-1930, 1940-1990)
|2 stltpush
|3 (RuTPU)RU\TPU\col\2601
|
| 801 |
|
1 |
|a RU
|b 63413507
|c 20080424
|g PSBO
|
| 801 |
|
2 |
|a RU
|b 63413507
|c 20151019
|g PSBO
|
| 942 |
|
|
|c BK
|